<?xml version="1.0" encoding="UTF-8"?>
<collection xmlns="http://www.loc.gov/MARC21/slim">
 <record>
  <leader>03113nam a2200313 a 4500</leader>
  <controlfield tag="001">1/45181</controlfield>
  <controlfield tag="008">140730s2001    ne            001 0 eng  </controlfield>
  <datafield tag="020" ind1=" " ind2=" ">
   <subfield code="a">9780080439501</subfield>
  </datafield>
  <datafield tag="020" ind1=" " ind2=" ">
   <subfield code="a">0080439500</subfield>
  </datafield>
  <datafield tag="035" ind1=" " ind2=" ">
   <subfield code="l">48140</subfield>
  </datafield>
  <datafield tag="040" ind1=" " ind2=" ">
   <subfield code="a">OPELS</subfield>
   <subfield code="b">eng</subfield>
   <subfield code="c">OPELS</subfield>
   <subfield code="d">TEF</subfield>
   <subfield code="d">OPELS</subfield>
   <subfield code="d">OCLCQ</subfield>
   <subfield code="d">OCLCF</subfield>
   <subfield code="d">GR-PeUP</subfield>
  </datafield>
  <datafield tag="111" ind1="2" ind2=" ">
   <subfield code="a">International Symposium on Practical Design of Ships and Other Floating Structures</subfield>
   <subfield code="n">(8th :</subfield>
   <subfield code="d">2001 :</subfield>
   <subfield code="c">Shanghai, China)</subfield>
  </datafield>
  <datafield tag="245" ind1="1" ind2="0">
   <subfield code="a">Practical design of ships and other floating structures</subfield>
   <subfield code="h">[electronic resource] :</subfield>
   <subfield code="b">proceedings of the Eighth International Symposium on Practical Design of Ships and Other Floating Structures, 16-21 September, 2001, Shanghai, China /</subfield>
   <subfield code="c">edited by You-Sheng Wu, Wei-Cheng Cui, and Guo-Jun Zhou.</subfield>
  </datafield>
  <datafield tag="250" ind1=" " ind2=" ">
   <subfield code="a">1st ed.</subfield>
  </datafield>
  <datafield tag="260" ind1=" " ind2=" ">
   <subfield code="a">Amsterdam ;</subfield>
   <subfield code="a">New York :</subfield>
   <subfield code="b">Elsevier,</subfield>
   <subfield code="c">2001.</subfield>
  </datafield>
  <datafield tag="300" ind1=" " ind2=" ">
   <subfield code="a">1 online resource (2 v. (xxii, 1350, I13 p.)) :</subfield>
   <subfield code="b">ill.</subfield>
  </datafield>
  <datafield tag="520" ind1=" " ind2=" ">
   <subfield code="a">This proceedings contains the papers presented at The 8th International Symposium on Practical Design of Ships and Other Floating Structures held in China in September 2001 - the first PRADS of the 21st Century. The overall aim of PRADS symposia is to advance the design of ships and other floating structures as a professional discipline and science by exchanging knowledge and promoting discussion of relevant topics in the fields of naval architecture and marine and offshore engineering. In line with the aim, in welcoming the new era, this Symposium is intended to increase international co-operation and give a momentum for the new development of design and production technology of ships and other floating structures for efficiency, economy, safety, and environmental production. The main themes of this Symposium are Design Synthesis, Production, Hydrodynamics, Structures and Materials of Ships and Floating Systems. Proposals for over 270 papers from 26 countries and regions within the themes were received for PRADS 2001, and about 170 papers were accepted for presentation at the symposium. With the high quality of the proposed papers the Local Organising Committee had a difficult task to make a balanced selection and to control the total number of papers for fitting into the allocated time schedule approved by the Standing Committee of PRADS. Volume I covers design synthesis, production and part of hydrodynamics. Volume II contains the rest of hydrodynamics, and structures and materials.</subfield>
  </datafield>
  <datafield tag="505" ind1="0" ind2=" ">
   <subfield code="a">Volume 1. Plenary Lectures. Design Synthesis for Ships and Floating Systems. Production. Hydromechanics. Volume 2. Hydromechanics (continued). Structures and Materials.</subfield>
  </datafield>
  <datafield tag="504" ind1=" " ind2=" ">
   <subfield code="a">Includes bibliographical references and indexes.</subfield>
  </datafield>
  <datafield tag="650" ind1=" " ind2="4">
   <subfield code="a">Naval architecture</subfield>
   <subfield code="v">Congresses.</subfield>
  </datafield>
  <datafield tag="655" ind1=" " ind2="4">
   <subfield code="a">Electronic books.</subfield>
  </datafield>
  <datafield tag="655" ind1=" " ind2="4">
   <subfield code="a">Conference proceedings.</subfield>
  </datafield>
  <datafield tag="700" ind1="1" ind2=" ">
   <subfield code="a">Wu, You-Sheng.</subfield>
  </datafield>
  <datafield tag="700" ind1="1" ind2=" ">
   <subfield code="a">Cui, Wei-Cheng.</subfield>
  </datafield>
  <datafield tag="700" ind1="1" ind2=" ">
   <subfield code="a">Zhou, Guo-Jun.</subfield>
  </datafield>
  <datafield tag="852" ind1=" " ind2=" ">
   <subfield code="a">INST</subfield>
   <subfield code="b">UNIPILB</subfield>
   <subfield code="c">EBOOKS</subfield>
   <subfield code="e">20140730</subfield>
   <subfield code="p">00b48140</subfield>
   <subfield code="q">00b48140</subfield>
   <subfield code="t">ONLINE</subfield>
   <subfield code="y">0</subfield>
  </datafield>
  <datafield tag="856" ind1="4" ind2="0">
   <subfield code="3">ScienceDirect</subfield>
   <subfield code="u">http://www.sciencedirect.com/science/book/9780080439501</subfield>
  </datafield>
  <datafield tag="856" ind1="4" ind2=" ">
   <subfield code="d">/webopac/covers/03/48140_9780080439501.jpg</subfield>
  </datafield>
  <datafield tag="856" ind1="4" ind2=" ">
   <subfield code="d">/webopac/covers/03/48140_0080439500.jpg</subfield>
  </datafield>
 </record>
</collection>
